[Event "Chigorin Memorial"]
[Site "St Petersburg RUS"]
[Date "2012.10.29"]
[Round "3.135"]
[White "Chernov, Maksim"]
[Black "Kostrikina, Anna"]
[Result "0-1"]
[BlackTitle "WFM"]
[WhiteElo "1895"]
[BlackElo "2138"]
[WhiteFideId "24194280"]
[BlackFideId "4176219"]
[EventDate "2012.10.27"]

1. e4 c5 2. Nf3 e6 3. d4 cxd4 4. Nxd4 Nf6 5. Nc3 d6 6. Bc4 Be7 7. Be3 O-O 8. Bb3
Na6 9. O-O Nc5 10. f3 a6 11. Qd2 Qc7 12. Rad1 b5 13. Kh1 Bb7 14. Qf2 Rac8 15. a3
Nxb3 16. Nxb3 d5 17. exd5 Nxd5 18. Nxd5 Bxd5 19. Nd4 Bf6 20. c3 Qb7 21. Qg3 Qe7
22. Bh6 Kh8 23. Be3 Bc4 24. Rg1 Rfd8 25. Bf2 Rd7 26. Rge1 Qd8 27. Qh3 Rd5 28. f4
Rd7 29. Ra1 Qc7 30. Qg3 Rcd8 31. h3 h6 32. Rad1 Bd5 33. Qg4 Bb7 34. Bh4 Bxh4 35.
Qxh4 Rd5 36. Qg4 Bc8 37. Qf3 Bb7 38. Qf2 Qc5 39. Qe3 R5d7 40. Qe5 Rd5 41. Qe3
Qc7 42. Rd2 R8d7 43. Red1 Qd8 44. Kg1 Qf6 45. Qf2 Qe7 46. Nb3 Rxd2 47. Rxd2 Rxd2
48. Qxd2 Bd5 49. Nd4 Qc5 50. Qe3 Kg8 51. Kh2 Qc4 52. Qf2 Qd3 53. Nc2 Qe4 54. Nd4
g6 55. Nc2 Bb7 56. Nd4 Kg7 57. Qd2 g5 58. fxg5 Qe5+ 59. Kg1 hxg5 60. Qf2 Qe4 61.
Qg3 Kg6 62. Qf2 Bd5 63. Nf3 Qb1+ 64. Kh2 Bxf3 65. gxf3 Qd1 66. Qg2 Qd6+ 67. Kh1
Qf4 68. Qc2+ f5 69. Kg2 Kh5 70. Qd1 Qe3 71. Qd7 Qe2+ 72. Kg1 Kh4 73. Qg7 Qe1+
74. Kg2 Qd2+ 75. Kf1 Kg3 76. Qe5+ Kxf3 0-1

[Event "Chigorin Memorial"]
[Site "St Petersburg RUS"]
[Date "2012.10.29"]
[Round "3.137"]
[White "Pyatin, Alexander"]
[Black "Hyotyla, Tapio"]
[Result "1-0"]
[WhiteElo "2091"]
[BlackElo "1795"]
[WhiteFideId "24125920"]
[BlackFideId "501026"]
[EventDate "2012.10.27"]

1. e4 d6 2. d4 g6 3. Nc3 c6 4. Be3 Bg7 5. Qd2 Qa5 6. f3 Nd7 7. Nge2 b5 8. a3 Qc7
9. g4 h5 10. gxh5 Rxh5 11. f4 Bb7 12. Ng3 Rh8 13. Be2 a6 14. O-O-O d5 15. e5 Nb6
16. f5 Nh6 17. fxg6 fxg6 18. Qd3 O-O-O 19. Qxg6 Rdg8 20. Kb1 Kb8 21. Qd3 Nc4 22.
Bc1 Bc8 23. Rdf1 Bd7 24. b3 Nb6 25. e6 1-0

[Event "Chigorin Memorial"]
[Site "St Petersburg RUS"]
[Date "2012.10.29"]
[Round "3.138"]
[White "Mamedov, Elmin"]
[Black "Melnikov, Nikolay"]
[Result "1/2-1/2"]
[WhiteElo "2088"]
[BlackElo "1752"]
[WhiteFideId "24117331"]
[BlackFideId "4191170"]
[EventDate "2012.10.27"]

1. e4 e5 2. Nf3 Nc6 3. Bb5 Bc5 4. O-O Qf6 5. c3 Nge7 6. Bxc6 Nxc6 7. d4 exd4 8.
e5 Qg6 9. cxd4 Be7 10. Nc3 O-O 11. Nd5 Bd8 12. Nf4 Qf5 13. h3 h6 14. Ne2 d5 15.
exd6 cxd6 16. Ng3 Qg6 17. d5 Nb4 18. Bf4 a5 19. a3 Na6 20. Rc1 Nc5 21. Be3 Ne4
22. Nxe4 Qxe4 23. Qd4 Qxd4 24. Nxd4 Bd7 25. Bf4 Ra6 26. b4 axb4 27. axb4 g5 28.
Bh2 Re8 29. Nc2 f5 30. f4 Bf6 31. Rfe1 Rxe1+ 32. Nxe1 Ra1 33. Rxa1 Bxa1 34. fxg5
hxg5 35. Bxd6 Bd4+ 36. Kh1 Kf7 37. Nf3 Bf6 38. g3 Bb5 39. Bc5 g4 40. hxg4 fxg4
41. Nd2 Bd3 42. Kg1 Bc3 43. Nf1 b6 44. Bxb6 Bxb4 45. Ne3 Be4 46. Kf2 Bd6 47. Nc4
Bxg3+ 48. Kxg3 Bxd5 49. Ne5+ Ke6 50. Nxg4 1/2-1/2

[Event "Chigorin Memorial"]
[Site "St Petersburg RUS"]
[Date "2012.10.29"]
[Round "3.139"]
[White "Zhilchikov, Nikolai"]
[Black "Pitkanen, Juhani"]
[Result "1-0"]
[WhiteElo "2077"]
[BlackElo "1763"]
[WhiteFideId "4137264"]
[BlackFideId "504432"]
[EventDate "2012.10.27"]

1. d4 Nf6 2. c4 g6 3. Nc3 Bg7 4. Nf3 d6 5. Bg5 h6 6. Bh4 g5 7. Bg3 Nh5 8. e3 Nd7
9. Bd3 Nxg3 10. hxg3 e5 11. Qc2 exd4 12. exd4 Nf6 13. O-O-O Bg4 14. Rde1+ Kf8
15. Nd2 d5 16. c5 Qd7 17. f3 Be6 18. f4 gxf4 19. gxf4 Bg4 20. Nf3 Bxf3 21. gxf3
Re8 22. Bf5 Qc6 23. Re5 h5 24. Rhe1 Bh6 25. Kb1 Bxf4 26. Rxe8+ Nxe8 27. Qe2 Kg7
28. Bc2 Nf6 29. Ba4 Qe6 30. Qg2+ Kf8 31. Rxe6 fxe6 32. Ne2 Be3 33. a3 h4 34. Qh3
Kf7 35. Bc2 Rh5 36. f4 Bf2 37. Qg2 Bg3 38. Nxg3 hxg3 39. Qxg3 Rh1+ 40. Ka2 Rh6
41. Qg5 Ng8 42. f5 1-0

[Event "Chigorin Memorial"]
[Site "St Petersburg RUS"]
[Date "2012.10.29"]
[Round "3.141"]
[White "Kazakov, Maksym"]
[Black "Toporkova, Sofia"]
[Result "1-0"]
[WhiteElo "2015"]
[BlackElo "1732"]
[WhiteFideId "14128756"]
[BlackFideId "4169930"]
[EventDate "2012.10.27"]

1. e4 e6 2. d3 d5 3. c3 dxe4 4. dxe4 Qxd1+ 5. Kxd1 Bc5 6. f3 Bd7 7. Kc2 Nc6 8.
a4 Bb6 9. Nd2 Be3 10. Nc4 Bxc1 11. Rxc1 Nge7 12. b4 Ng6 13. Ra1 Nce5 14. Ne3 f5
15. Ne2 f4 16. Nd1 c5 17. bxc5 Rc8 18. Nd4 Rxc5 19. Bb5 Ke7 20. Rb1 Nc4 21. Bxc4
Rxc4 22. Rxb7 Rxa4 23. Nb2 Ra6 24. Rd1 Ne5 25. Nd3 Kf6 26. Nxe5 Ba4+ 27. Kd2
Bxd1 28. Ng4+ Kg6 29. Ne5+ Kf6 30. Ng4+ Kg6 31. Kxd1 h5 32. Ne5+ Kh7 33. Nxe6
Rxe6 34. Nf7 Rg6 35. Nxh8 Kxh8 36. Rxa7 Rxg2 37. c4 Rxh2 38. c5 Rh1+ 39. Kd2
Rh2+ 40. Kd3 Rf2 41. c6 Rxf3+ 42. Kd4 Kh7 43. c7 1-0

[Event "Chigorin Memorial"]
[Site "St Petersburg RUS"]
[Date "2012.10.29"]
[Round "3.142"]
[White "Mikhaylov, Dimitri"]
[Black "Drachev, Oleg"]
[Result "0-1"]
[WhiteElo "1854"]
[BlackElo "2220"]
[WhiteFideId "13901273"]
[BlackFideId "24193933"]
[EventDate "2012.10.27"]

1. b4 e6 2. Bb2 Nf6 3. b5 b6 4. e3 Bb7 5. Nf3 Be7 6. c4 a6 7. a4 O-O 8. Be2 c5
9. d3 d6 10. Nbd2 Nbd7 11. O-O a5 12. d4 Qc7 13. Qc2 Rac8 14. Rac1 Qb8 15. Qb1
Qa8 16. Rfd1 h6 17. Ne1 Rc7 18. f3 cxd4 19. exd4 d5 20. cxd5 Rxc1 21. Rxc1 Nxd5
22. Rc2 Rd8 23. Nd3 Qb8 24. Nc4 Bg5 25. Nce5 Nxe5 26. Nxe5 Be3+ 27. Kh1 Qd6 28.
Nc4 Qf4 29. Nxe3 Qxe3 30. Bf1 Qb3 31. Rc4 Ne3 32. Rc3 Qd1 33. Qxd1 Nxd1 34. Rc7
Nxb2 35. Rxb7 Nxa4 36. Bd3 g6 37. Bc2 Rc8 0-1

[Event "Chigorin Memorial"]
[Site "St Petersburg RUS"]
[Date "2012.10.29"]
[Round "3.143"]
[White "Denishev, Marat"]
[Black "Belkina, Yulia"]
[Result "1-0"]
[WhiteElo "2198"]
[BlackElo "1850"]
[WhiteFideId "24131563"]
[BlackFideId "4116542"]
[EventDate "2012.10.27"]

1. d4 Nf6 2. c4 g6 3. Nc3 Bg7 4. e4 d6 5. Nf3 O-O 6. h3 Nbd7 7. Be2 e5 8. Be3
exd4 9. Nxd4 Nc5 10. f3 Nh5 11. O-O Ng3 12. Re1 Qh4 13. Bf1 Be5 14. Qd2 f5 15.
exf5 Nxf5 16. Nxf5 Bxf5 17. Bxc5 Bxc3 18. Qd5+ Kg7 19. Bf2 Bxe1 20. Bxh4 Bxh4
21. Qxb7 Rac8 22. Rd1 Rf7 23. Bd3 Bd7 24. Be4 Bg3 25. Qxa7 c5 26. Qb6 Re8 27. b3
Bf5 28. Rd3 h5 29. h4 g5 30. hxg5 h4 31. Rxd6 Bxe4 32. fxe4 Rxe4 33. Rg6+ Kf8
34. Qd8+ Re8 35. Rg8+ Kxg8 36. Qxe8+ Kg7 37. Qe6 Kf8 38. Qc8+ Kg7 39. Qxc5 Kg6
40. a4 Rc7 41. Qb6+ Kxg5 42. Qe6 Kf4 43. a5 h3 44. gxh3 Kf3 45. Qg4+ 1-0

[Event "Chigorin Memorial"]
[Site "St Petersburg RUS"]
[Date "2012.10.29"]
[Round "3.144"]
[White "Napalkov, Vladimir"]
[Black "Bezulenko, Evgeny"]
[Result "1-0"]
[WhiteElo "2150"]
[BlackElo "1850"]
[WhiteFideId "4149424"]
[BlackFideId "24105996"]
[EventDate "2012.10.27"]

1. d4 Nf6 2. c4 e6 3. Nc3 Bb4 4. e3 Ne4 5. Qc2 f5 6. Bd3 d5 7. Ne2 O-O 8. O-O b6
9. cxd5 Bxc3 10. bxc3 exd5 11. c4 c6 12. f3 Ng5 13. cxd5 cxd5 14. Nf4 Ne6 15.
Bxf5 Nxf4 16. Bxh7+ Kh8 17. exf4 Na6 18. Ba3 Rxf4 19. Rae1 Bd7 20. Re7 Rf6 21.
Rfe1 Rc8 22. Qb1 Nc7 23. R7e5 Rh6 24. Be7 Qe8 25. Bg5 Re6 26. Bf5 Rxe5 27. Rxe5
Ne6 28. Qe1 Rc6 29. Qh4+ Kg8 30. Qh7+ Kf8 31. Bg6 Qxg6 32. Qxg6 Nxd4 33. Qh7 Ne6
34. Rf5+ Ke8 35. Qg8+ 1-0

[Event "Chigorin Memorial"]
[Site "St Petersburg RUS"]
[Date "2012.10.29"]
[Round "3.145"]
[White "Lutovinov, Alexander"]
[Black "Dzhavathanov, Magomed"]
[Result "1-0"]
[WhiteElo "2145"]
[BlackElo "1848"]
[WhiteFideId "34114758"]
[BlackFideId "24106020"]
[EventDate "2012.10.27"]

1. e4 d6 2. d4 Nf6 3. Nc3 g6 4. Bg5 h6 5. Be3 Ng4 6. Bf4 e5 7. dxe5 Nxe5 8. Nf3
Nbc6 9. Bb5 Bg7 10. Bxe5 dxe5 11. Qxd8+ Kxd8 12. O-O-O+ Bd7 13. Rd2 Kc8 14. Rhd1
Bg4 15. Bc4 Rf8 16. h3 Bxf3 17. gxf3 Nd4 18. f4 h5 19. Ne2 b5 20. Bd5 c6 21.
Nxd4 cxd5 22. Nxb5 d4 23. Rd3 Bh6 24. c3 Bxf4+ 25. Kc2 a6 26. Na3 Kb7 27. cxd4
Rac8+ 28. Kb3 f5 29. dxe5 Bxe5 30. Nc4 Bc7 31. e5 Kc6 32. Rc1 Rb8+ 33. Ka4 Kb7
34. Rd7 Kc8 35. e6 1-0

[Event "Chigorin Memorial"]
[Site "St Petersburg RUS"]
[Date "2012.10.29"]
[Round "3.146"]
[White "Bivol, Alina"]
[Black "Khatenever, Feliks"]
[Result "1-0"]
[WhiteTitle "WFM"]
[WhiteElo "2137"]
[BlackElo "1843"]
[WhiteFideId "4100123"]
[BlackFideId "4131800"]
[EventDate "2012.10.27"]

1. e4 e6 2. d4 b6 3. Nf3 d5 4. exd5 Qxd5 5. c4 Bb4+ 6. Nc3 Qd6 7. Bd3 Bb7 8. O-O
Nf6 9. Qa4+ Bc6 10. Nb5 O-O 11. a3 a6 12. Nxd6 Bxa4 13. axb4 Bc6 14. d5 exd5 15.
Nf5 Re8 16. c5 bxc5 17. bxc5 Nbd7 18. b4 a5 19. Bd2 axb4 20. Bxb4 Rab8 21. Rfb1
Ne4 22. N3d4 Ne5 23. Bxe4 dxe4 24. Bc3 Bd7 25. Ne7+ Kf8 26. Nd5 c6 27. Rxb8 Rxb8
28. Nb6 Bg4 29. h3 Bh5 30. Nf5 Re8 31. Bxe5 f6 32. Bd6+ Kg8 33. Ra8 Rxa8 34.
Nxa8 Be8 35. Nb6 Kf7 36. Ng3 Ke6 37. Nxe4 Bg6 38. Nd2 Bc2 39. Nf3 Be4 40. Nd4+
Kf7 41. f3 Bd5 42. Nxd5 cxd5 43. c6 Ke8 44. c7 Kd7 45. Nb5 1-0

[Event "Chigorin Memorial"]
[Site "St Petersburg RUS"]
[Date "2012.10.29"]
[Round "3.147"]
[White "Faizutdinova, Diana"]
[Black "Kartsev, Evgeni"]
[Result "1/2-1/2"]
[WhiteElo "1834"]
[BlackElo "2070"]
[WhiteFideId "24143731"]
[BlackFideId "24162469"]
[EventDate "2012.10.27"]

1. e4 d6 2. d4 g6 3. Be3 Bg7 4. Nc3 a6 5. Qd2 b5 6. f3 Nd7 7. Nge2 c6 8. g4 Nb6
9. Ng3 Qc7 10. Be2 Bb7 11. O-O O-O-O 12. a4 b4 13. a5 Nd7 14. Na4 c5 15. c3 b3
16. Bc4 e6 17. Bxb3 h5 18. gxh5 gxh5 19. Bc4 h4 20. Ne2 Bh6 21. b4 Bxe3+ 22.
Qxe3 Ngf6 23. bxc5 Rdg8+ 24. Kh1 dxc5 25. Nb6+ Kd8 26. Nxd7 Kxd7 27. dxc5 Qe5
28. Qd4+ Qxd4 29. Nxd4 Rh5 30. Rfd1 Kc7 31. c6 Bc8 32. Be2 Rc5 33. c4 Nh5 34.
Rg1 Rd8 35. Nb3 Rxc6 36. Rg4 h3 37. Rh4 Nf6 38. Rxh3 Nd7 39. Rh7 Ne5 40. f4 Nxc4
41. Rxf7+ Rd7 42. Rxd7+ Bxd7 43. Rc1 Nxa5 44. Rxc6+ Nxc6 45. Bxa6 e5 46. f5 Ne7
47. Kg1 Nxf5 48. exf5 Bxf5 49. Kf2 Kd6 50. Bc4 Ke7 51. Nd2 Kf6 52. Bd5 Bc2 53.
Be4 Bd1 54. Kg3 Bh5 55. Bf3 Bg6 56. Kg4 Be8 57. Ne4+ Kg6 58. Nd6 Bd7+ 59. Kh4
Be6 60. Be4+ Kh6 61. Ne8 Bd7 62. Nf6 Be6 63. h3 Bb3 64. Ng4+ Kg7 65. Kg5 Be6 66.
Nxe5 Bxh3 1/2-1/2

[Event "Chigorin Memorial"]
[Site "St Petersburg RUS"]
[Date "2012.10.29"]
[Round "3.148"]
[White "Berdashkevich, Svetlana"]
[Black "Grachev, Andrey"]
[Result "1-0"]
[WhiteElo "1825"]
[BlackElo "2040"]
[WhiteFideId "24197483"]
[BlackFideId "24138290"]
[EventDate "2012.10.27"]

1. e4 e6 2. d4 d5 3. Nc3 Bb4 4. e5 c5 5. a3 Bxc3+ 6. bxc3 Ne7 7. Qg4 Nbc6 8.
Qxg7 Rg8 9. Qxh7 cxd4 10. f4 Qc7 11. Qd3 dxc3 12. Ne2 d4 13. Nxd4 Nxd4 14. Qxd4
Bd7 15. Qf2 Qc6 16. Qf3 Qxf3 17. gxf3 Bc6 18. Kf2 Nf5 19. Be3 O-O-O 20. Bd3 Nh4
21. Rhg1 Nxf3 22. Rxg8 Rxg8 23. Bxa7 Rh8 24. Rf1 Nd2 25. Rg1 Rxh2+ 26. Ke3 Rh3+
27. Ke2 Bf3+ 28. Kf2 Bh5 29. Rg3 Rh2+ 30. Ke3 Rh1 31. Kd4 Ra1 32. Bb6 Rb1 33.
Bc5 Bf3 34. Bb4 Rd1 35. Bxc3 Bh5 36. Kc5 Nf3 37. Kd6 b6 38. Kc6 Kb8 39. Kxb6
Rb1+ 40. Bb5 Rg1 41. Rh3 1-0

[Event "Chigorin Memorial"]
[Site "St Petersburg RUS"]
[Date "2012.10.29"]
[Round "3.149"]
[White "Kharchenko, Daniil"]
[Black "Glazov, Anatoly"]
[Result "1-0"]
[WhiteElo "2039"]
[BlackElo "1835"]
[WhiteFideId "24101664"]
[BlackFideId "4192281"]
[EventDate "2012.10.27"]

1. c4 e5 2. Nc3 Nf6 3. g3 Nc6 4. Bg2 Bc5 5. d3 O-O 6. Nf3 d6 7. O-O Bg4 8. a3 a6
9. b4 Bb6 10. Bg5 h6 11. Bxf6 Qxf6 12. Nd5 Qe6 13. Nxb6 cxb6 14. Nd2 Nd4 15. Re1
Rab8 16. Ne4 Kh8 17. Nc3 f5 18. h3 Bh5 19. Bf3 Bxf3 20. exf3 Qg6 21. Nd5 b5 22.
f4 Rbe8 23. Kh2 Qf7 24. fxe5 dxe5 25. Rc1 g5 26. Kg2 f4 27. g4 f3+ 28. Kh2 Ne2
29. Rc2 e4 30. Qa1+ Kh7 31. dxe4 Rxe4 32. Qb1 Kg8 33. Nc3 Rxc4 34. Nxe2 Qc7+ 35.
Kg1 Rxc2 36. Nd4 Rc4 37. Ne6 Qf7 38. Nxf8 Kxf8 39. Qd3 Rc7 40. Qd4 Kg8 41. Qd6
Kg7 42. Re4 Rc6 43. Qd4+ Kg8 44. Qe3 Kf8 45. Re5 Qg6 46. Qxf3+ Kg8 47. Qd5+ 1-0

[Event "Chigorin Memorial"]
[Site "St Petersburg RUS"]
[Date "2012.10.29"]
[Round "3.150"]
[White "Egorov, Daniil"]
[Black "Belov, Nikita"]
[Result "0-1"]
[WhiteElo "1819"]
[BlackElo "2034"]
[WhiteFideId "24171956"]
[BlackFideId "24167177"]
[EventDate "2012.10.27"]

1. e4 e6 2. d4 d5 3. Nc3 Bb4 4. e5 c5 5. Bd2 Ne7 6. dxc5 Nd7 7. Qg4 Bxc3 8. Bxc3
Nf5 9. Bd3 h5 10. Qf4 Nxc5 11. Bxf5 exf5 12. e6 Bxe6 13. Bxg7 Rg8 14. Qh6 d4 15.
Nf3 Qa5+ 16. Nd2 O-O-O 17. a3 Ne4 18. b4 Qc7 19. O-O Nxd2 20. Qxd2 Rxg7 21. f3
Qc3 22. Qd1 Rdg8 23. Rf2 Qe3 24. Qf1 Bd5 25. Kh1 Rxg2 26. Rxg2 Bxf3 27. Qc4+ Kb8
28. Rg1 Bxg2+ 29. Rxg2 Qe1+ 0-1

[Event "Chigorin Memorial"]
[Site "St Petersburg RUS"]
[Date "2012.10.29"]
[Round "3.151"]
[White "Bajaramov, Elvin"]
[Black "Popov, Alexei"]
[Result "1-0"]
[WhiteElo "2025"]
[BlackElo "1823"]
[WhiteFideId "24142514"]
[BlackFideId "24195898"]
[EventDate "2012.10.27"]

1. e4 e5 2. Nf3 Nc6 3. Bc4 Bc5 4. O-O Nf6 5. c3 Nxe4 6. d4 exd4 7. cxd4 Be7 8.
d5 Nb8 9. Re1 Nd6 10. Bd3 O-O 11. Nc3 f5 12. Bf4 g5 13. Bxd6 Bxd6 14. Nd4 Qf6
15. Nxf5 Bc5 16. Qh5 Kh8 17. Re8 Qg6 18. Qxg6 hxg6 19. Rae1 Na6 20. Rxf8+ Bxf8
21. Re8 gxf5 22. Rxf8+ Kg7 23. Rxf5 Nc5 24. Rxg5+ Kf6 25. Rg6+ Ke5 26. Be2 d6
27. Rg8 b6 28. b4 Nb7 29. Nb5 a5 30. Nxc7 Rb8 31. Bg4 axb4 32. Rxc8 Rxc8 33.
Bxc8 Nc5 34. h4 Ne4 35. Ba6 Nc3 36. Bc4 Kd4 37. Bb3 Ne2+ 38. Kf1 Nc1 39. h5 Nxb3
40. axb3 Kc3 41. h6 Kxb3 42. Na6 b5 43. h7 Kc4 44. h8=Q Kxd5 45. Nxb4+ Kc4 46.
Qb2 d5 47. g4 d4 48. g5 d3 49. g6 d2 50. Qxd2 Kb3 51. g7 1-0

[Event "Chigorin Memorial"]
[Site "St Petersburg RUS"]
[Date "2012.10.29"]
[Round "3.152"]
[White "Panov, Ivan"]
[Black "Kosov, Igor"]
[Result "1-0"]
[WhiteElo "2021"]
[BlackElo "1817"]
[WhiteFideId "24177750"]
[BlackFideId "24100528"]
[EventDate "2012.10.27"]

1. e4 e5 2. Nf3 Nc6 3. d4 exd4 4. Nxd4 Bc5 5. Be3 Nxd4 6. Bxd4 Bxd4 7. Qxd4 Qg5
8. Nc3 Ne7 9. h4 Nc6 10. Qxd7+ Bxd7 11. hxg5 O-O-O 12. O-O-O Ne5 13. Be2 Ng4 14.
Bxg4 Bxg4 15. Rxd8+ Kxd8 16. f3 Bd7 17. Nd5 Bc6 18. Nf4 Ke7 19. g4 g6 20. Nd3 b6
21. Kd2 f6 22. Nf4 Kf7 23. gxf6 Kxf6 24. Ke3 g5 25. Rh6+ Kf7 26. Rxc6 gxf4+ 27.
Kxf4 h5 28. Rxc7+ Kg6 29. gxh5+ Rxh5 30. Rxa7 1-0

[Event "Chigorin Memorial"]
[Site "St Petersburg RUS"]
[Date "2012.10.29"]
[Round "3.154"]
[White "Stroganov, Anatoly"]
[Black "Dushin, Nikolay"]
[Result "0-1"]
[WhiteElo "1808"]
[BlackElo "2018"]
[WhiteFideId "4178955"]
[BlackFideId "4114612"]
[EventDate "2012.10.27"]

1. d4 e6 2. Nf3 c5 3. e3 Nf6 4. Bd3 Nc6 5. a3 d6 6. Nbd2 cxd4 7. exd4 Be7 8. O-O
O-O 9. c3 Bd7 10. Re1 Qc7 11. Nc4 b5 12. Ne3 Rab8 13. d5 Ne5 14. Nxe5 dxe5 15.
dxe6 Bxe6 16. Nf5 Bxf5 17. Bxf5 h6 18. Qe2 Rfe8 19. Be3 Bc5 20. Bxc5 Qxc5 21.
Bc2 a5 22. Rac1 Kf8 23. Bb3 Re7 24. Red1 a4 25. Ba2 e4 26. Rd4 Rbe8 27. Rcd1 h5
28. Rd5 Nxd5 29. Rxd5 Qc6 30. Rxh5 g6 31. Rxb5 e3 32. f3 Qxb5 33. Qxb5 e2 34. h3
e1=Q+ 35. Kh2 Qe5+ 36. Qxe5 Rxe5 37. Bc4 Rb8 0-1

[Event "Chigorin Memorial"]
[Site "St Petersburg RUS"]
[Date "2012.10.29"]
[Round "3.155"]
[White "Westerberg, Claes-Goran"]
[Black "Fokin, Anatoly"]
[Result "1/2-1/2"]
[WhiteElo "2007"]
[BlackElo "1793"]
[WhiteFideId "1712691"]
[BlackFideId "24124451"]
[EventDate "2012.10.27"]

1. e4 e5 2. Nf3 Nc6 3. d4 exd4 4. Nxd4 Nf6 5. Nxc6 bxc6 6. e5 Nd5 7. c4 Bb4+ 8.
Nd2 Nf4 9. a3 Be7 10. Nf3 Ne6 11. Be2 O-O 12. O-O c5 13. Be3 f6 14. Qd2 a5 15.
exf6 Bxf6 16. Bxc5 d6 17. Be3 Bb7 18. Rad1 Qe7 19. Rfe1 Qf7 20. b3 Rfe8 21. h3
g6 22. Ng5 Nxg5 23. Bxg5 Be5 24. Be3 Rf8 25. Rf1 Rfe8 26. f4 Bg7 27. Bf3 Bxf3
28. Rxf3 a4 29. Bd4 axb3 30. Bxg7 Kxg7 31. Qb2+ Kg8 32. Qxb3 Re4 33. c5 dxc5 34.
Qxf7+ Kxf7 35. Rc3 Ra5 36. Rd7+ Re7 37. Rd5 Ke6 38. Rcxc5 Rxc5 39. Rxc5 Kd6 40.
Rc3 c5 41. Rd3+ Kc6 42. Kf2 c4 43. Re3 Rf7 44. g3 Kd5 45. Ke2 Kd4 46. Re8 Rb7
47. Rd8+ Kc3 48. Rc8 Rb2+ 49. Ke3 Rg2 50. g4 Rg3+ 51. Ke4 Rxh3 52. f5 gxf5+ 53.
gxf5 Rh1 54. f6 Rf1 55. Ke5 Kb3 56. a4 c3 57. a5 Re1+ 58. Kd6 Rf1 59. Ke7 Re1+
60. Kd7 Rd1+ 61. Ke6 Re1+ 62. Kd7 Rd1+ 63. Ke7 Re1+ 1/2-1/2

[Event "Chigorin Memorial"]
[Site "St Petersburg RUS"]
[Date "2012.10.29"]
[Round "3.156"]
[White "Shuvalov, Arvind"]
[Black "Jorayewa, Govher"]
[Result "1/2-1/2"]
[BlackTitle "WFM"]
[WhiteElo "1789"]
[BlackElo "1990"]
[WhiteFideId "24199079"]
[BlackFideId "14001454"]
[EventDate "2012.10.27"]

1. e4 Nc6 2. Nf3 d6 3. d4 Nf6 4. Nc3 g6 5. Bd3 Bg7 6. h3 O-O 7. O-O e5 8. Be3 a6
9. a4 Bd7 10. Ne2 Re8 11. Ng3 Rb8 12. c3 b5 13. axb5 axb5 14. Qd2 b4 15. d5 bxc3
16. bxc3 Ne7 17. c4 Nxe4 18. Bxe4 f5 19. Ra3 fxe4 20. Nxe4 Bf5 21. Ng3 e4 22.
Nd4 Rb7 23. Rfa1 Qb8 24. R1a2 Rb4 25. Qe2 Bd7 26. Kh2 Nf5 27. Ndxf5 Bxf5 28. Bf4
Rb2 29. Rxb2 Bxb2 30. Ra5 Bg7 31. c5 Be5 32. Bxe5 Rxe5 33. c6 Kg7 34. Rb5 Qa7
35. Nf1 Bc8 36. Ne3 Ba6 37. Ra5 Bxe2 38. Rxa7 Re7 39. Kg3 Kf6 40. Ra8 Ke5 41.
Kh4 Rf7 42. Kg3 Kd4 43. Ra2 Bd3 44. Ra8 Kc5 45. Rg8 Kd4 46. Ra8 Kc5 47. h4 Kd4
48. Ra1 Kc5 49. Rh1 Be2 50. Rc1+ Kd4 51. Re1 Bd3 52. Rd1 Kc3 53. Ra1 Kd4 54.
Ra4+ Ke5 55. Rb4 Be2 1/2-1/2

[Event "Chigorin Memorial"]
[Site "St Petersburg RUS"]
[Date "2012.10.29"]
[Round "3.157"]
[White "Tarakanova, Valeria"]
[Black "Kuzmin, Arseniy"]
[Result "0-1"]
[WhiteElo "1778"]
[BlackElo "1982"]
[WhiteFideId "24179205"]
[BlackFideId "24150827"]
[EventDate "2012.10.27"]

1. e4 d6 2. d4 g6 3. f4 Bg7 4. Nf3 Nf6 5. Nc3 O-O 6. Bc4 c5 7. d5 Bg4 8. O-O
Nbd7 9. h3 Bxf3 10. Qxf3 Ne8 11. Bd2 Nc7 12. Rae1 Rb8 13. a4 a6 14. a5 b5 15.
axb6 Nxb6 16. Ba2 Nd7 17. Qg3 Nb5 18. e5 Nd4 19. exd6 exd6 20. Ne4 Nf6 21. Nxf6+
Bxf6 22. Re4 Rxb2 23. Bb3 Nxb3 24. Be3 Nd4 25. Bc1 Rxc2 26. Qd3 Re8 27. Rfe1
Rxe4 28. Qxe4 Bh4 29. Rf1 Ne2+ 0-1

[Event "Chigorin Memorial"]
[Site "St Petersburg RUS"]
[Date "2012.10.29"]
[Round "3.158"]
[White "Maksimov, Dmitri"]
[Black "Rybakova, Polina"]
[Result "1-0"]
[WhiteElo "1982"]
[BlackElo "1787"]
[WhiteFideId "24162477"]
[BlackFideId "24178829"]
[EventDate "2012.10.27"]

1. e4 c5 2. c3 d5 3. exd5 Qxd5 4. d4 Nf6 5. Nf3 Nc6 6. Be2 e6 7. O-O Be7 8. h3
O-O 9. Be3 cxd4 10. cxd4 a6 11. Nc3 Qd6 12. Rc1 b5 13. a4 b4 14. Nb1 Nd5 15.
Nbd2 Bb7 16. Nc4 Qd8 17. Qd3 Rc8 18. Nfd2 f5 19. Nb3 a5 20. Bf3 Ba6 21. Rfe1 h6
22. Qd1 Rf6 23. Rc2 Bxc4 24. Rxc4 Na7 25. Qd3 Rxc4 26. Qxc4 Nc8 27. Nxa5 Qxa5
28. Qxc8+ Kh7 29. b3 Qb6 30. Qd7 Bd6 31. a5 Qc7 32. Qxc7 Bxc7 33. Ra1 Rf8 34.
Bd2 Bd6 35. a6 Ra8 36. a7 g5 37. Ra6 Bf8 38. Rxe6 1-0

[Event "Chigorin Memorial"]
[Site "St Petersburg RUS"]
[Date "2012.10.29"]
[Round "3.159"]
[White "Shakirova, Renata"]
[Black "Yakovlev, Yuri S."]
[Result "1-0"]
[WhiteElo "1756"]
[BlackElo "1982"]
[WhiteFideId "24172049"]
[BlackFideId "4173929"]
[EventDate "2012.10.27"]

1. e4 c5 2. Nf3 e6 3. d4 cxd4 4. Nxd4 a6 5. Bd3 Qc7 6. O-O Nc6 7. Be3 Nf6 8.
Nxc6 dxc6 9. f4 e5 10. h3 c5 11. c4 b5 12. cxb5 c4 13. b6 Qc6 14. Bc2 Bd7 15.
fxe5 Bc5 16. Bxc5 Qxc5+ 17. Kh1 Qxe5 18. Ba4 Rd8 19. Nc3 O-O 20. Bxd7 Rxd7 21.
Qa4 Rd2 22. Qxc4 Qg3 23. Ne2 Qe3 24. Rae1 Qxb6 25. b4 Nh5 26. Rf3 Rb2 27. a3 Rd2
28. Ref1 Qb7 29. Ng3 Nxg3+ 30. Rxg3 Qb5 31. Qxb5 axb5 32. Rf5 Rb8 33. Rgg5 f6
34. Rxb5 Re8 35. Rg3 Rxe4 36. Rb7 g5 37. Rc3 Re8 38. a4 f5 39. Rcc7 f4 40. Rg7+
Kh8 41. Rxh7+ Kg8 42. Rhg7+ Kh8 43. Rbe7 Rc8 44. Rh7+ Kg8 45. Reg7+ Kf8 46. Rc7
Rxc7 47. Rxc7 Rb2 48. b5 Rb4 49. a5 Rxb5 50. a6 1-0